Movies Quiz

Random Movies or Star Wars Quiz

Star Wars Character Slideshow Quiz Stats

 Plays Quiz not verified by Sporcle

Challenge
Share
Tweet
Score 0/30 Timer 06:00
0 Plays Today
% Correct
Luke Skywalker
99.3%
C-3PO
97%
R2-D2
97%
Chewbacca
97%
Darth Vader
97%
Princess Leia
97%
Yoda
97%
Han Solo
96.3%
Obi-Wan Kenobi
94.8%
The Emperor
94.1%
Boba Fett
94.1%
Darth Maul
93.3%
Jar Jar Binks
91.1%
Greedo
86.7%
Jango Fett
86.7%
% Correct
Jabba the Hutt
85.9%
Mace Windu
85.9%
Padme Amidala
85.2%
Admiral Ackbar
84.4%
Count Dooku
84.4%
Qui-Gon Jinn
82.2%
General Grievous
80.7%
Lando Calrissian
79.3%
Grand Moff Tarkin
71.1%
Owen Lars
71.1%
Shmi Skywalker
68.1%
Watto
67.4%
Beru Lars
65.9%
Wedge Antilles
65.2%
Nute Gunray
55.6%

You're not logged in!

Compare scores with friends on all Sporcle quizzes.
Join for Free
OR
Log In

You Might Also Like...

Show Comments

Extras

Top Quizzes Today


Score Distribution

Your Account Isn't Verified!

In order to create a playlist on Sporcle, you need to verify the email address you used during registration. Go to your Sporcle Settings to finish the process.

Report this User

Report this user for behavior that violates our Community Guidelines.

Details: